000 00735nam a22001817a 4500
999 _c63630
_d63630
003 Ge_BSU
005 20251119155500.0
008 251119s1975 ge ||||| |||| 00| 0 geo d
041 _ageo
080 _a330.113 : 338.24 ქ-66
100 _aქორიძე, დიმიტრი
_926275
245 _aეკონომიკური კანონები და მართვის სისტემა/
_cდ. ქორიძე.
264 _aთბ. :
_bსაბჭ. საქართველო,
_c1975.
300 _a409 გვ.;
_b22 სმ.
653 _aეკონომიკური კანონები
653 _aეკონომიკის მართვა
942 _2udc
_cᲬᲘᲒᲜᲘ